• 首页
  • 本馆介绍
  • 公告通知
  • 最新文献
  • 馆藏检索
  • 电子资源
  • 读者导购
  • 参考咨询
  • 我的图书馆
  • 登录
  • 详细信息显示
  • 放入我的书架
  • 预约/预借图书
  • 作者相关作品
  • 分类相关作品
  • 丛书相关作品
  • 出版社相关作品

书目信息

  • 表格格式
  • 工作单格式
  • 卡片格式
题名:
党的纪律检查工作问答
    
 
作者: ;中共中央纪律检查委员会研究室 编
分册:  
出版信息: 北京   人民出版社  1984
页数: 95页
开本: 19cm
丛书名:
单 册:
中图分类: D262.6
科图分类:
主题词: 党的纪律-中国共产党-纪律检查--问答 , 纪律检查-党的纪律-中国共产党--问答
电子资源:
ISBN:
000 00825nam0 2200253 45
001 0184010140
005 20060809104136.06
010    @dCNY0.34
091    @aCN@b3001.1978
100    @a19950705d1984 em y0chiy0121 ea
101 0  @achi
102    @aCN@b110000
105    @ay z 000yy
200 10 @a党的纪律检查工作问答@Adang de ji lu jian cha gong zuo wen da@f中共中央纪律检查委员会研究室编
210    @a北京@c人民出版社@d1984
215    @a95页@d19cm
601 02 @a中国共产党@x党的纪律@x纪律检查@x问答
606    @a党的纪律-中国共产党-纪律检查@x问答
606    @a纪律检查-党的纪律-中国共产党@x问答
690    @aD262.6@v3
711 02 @a中共中央纪律检查委员会研究室@Azhong gong zhong yang ji lu jian cha wei yuan hui yan jiu shi@4编
801  2 @aCN@bNLC@c20060809
801  0 @aCN@bTSSF
905    @a10447@dD262.6@e112
    
    党的纪律检查工作问答/中共中央纪律检查委员会研究室编.-北京:人民出版社,1984
    95页;19cm
    
    
    ISBN :CNY0.34
    
●
相关链接 在E读中查询图书 在五车中查询图书 在当当中查询图书 在豆瓣中查询图书


正题名:党的纪律检查工作问答     索取号:D262.6/112         预约/预借

序号 登录号 条形码 馆藏地/架位号 状态 备注
1 0449934   204499346   密集书库/ [索取号:D262.6/112] 在馆    
2 0449977   204499774   密集书库/ [索取号:D262.6/112] 在馆    
唐山师范学院图书馆 欢迎您!
大连网信软件有限公司© 版权所有